| 000 | 00807cam a2200241 a 4500 | ||
|---|---|---|---|
| 001 | 1444533 | ||
| 005 | 20160206153327.0 | ||
| 008 | 850201s1985 caua b 000 0 eng | ||
| 040 |
_aDLC _cDLC _dOCoLC _dDLC |
||
| 050 | 0 | 0 |
_aTA1632 _b.D493 1985 |
| 082 | 0 | 0 |
_a621.367 _219 _bCON |
| 245 | 0 | 0 |
_aDigital image processing and analysis / _cRafael C. Gonzalez, Richard E. Woods. |
| 260 |
_aNew Jersey, _bPearson Prentic Hall, _cc.2008. |
||
| 300 |
_a954 p: : _bill. ; _c28 cm. |
||
| 500 | _aIncludes Index. | ||
| 504 | _aIncludes bibliographies. | ||
| 505 | 1 | _av. 1. Digital image processing -- v. 2. Digital image analysis. | |
| 650 | 0 |
_aImage processing _xDigital techniques. _94647 _2BUEsh |
|
| 651 | _2BUEsh | ||
| 700 | 1 |
_aChellappa, Rama. _94648 |
|
| 700 | 1 |
_aSawchuk, Alexander A. _94649 |
|
| 942 |
_2ddc _cBB |
||
| 999 |
_c11513 _d11513 |
||